Liste de certains personnages de l'univers de Mario - Statistiques

Statistiques générales
  • Ce quiz a été pris 79 fois
    72 depuis la dernière actualisation
  • Le résultat moyen est 20 sur 25
Statistiques - réponses
Description Personnages % Correct
Frère du plombier rouge Luigi
100%
Plombier rouge Mario
100%
Princesse du Royaume Champignon Peach
100%
Dinosaure vert Yoshi
100%
Gros dinosaure, principal antagoniste Bowser
98%
Princesse de Sarasaland Daisy
98%
Gros singe Donkey Kong
98%
Champignon vivant Toad
98%
Rival du frère du plombier rouge Waluigi
93%
Rival du plombier rouge Wario
93%
"Exploratrice interstellaire" Harmonie
89%
Fantôme Boo
87%
Fils du gros dinosaure Bowser Jr.
87%
Ami du précèdent personnage Diddy Kong
85%
Tortue verte Koopa
83%
Roi des fantôme Roi Boo
83%
Version fille du champignon vivant Toadette
81%
Version squelettique de la tortue verte Skelerex
69%
Sorcière/Sorcier Kamek
63%
Bombe Bob-Omb
54%
Grosse boule avec une chaîne Chomp
54%
Champignon méchant Goomba
52%
Le gros dinosaure après sa chute dans la lave Bowser Skelet
50%
Grosse chenille Wiggler
48%
Bloc a pique qui écrase Thwomp
43%
Aucun quiz correspondant
Distribution des résultats
% des personnes avec chaque résultat
Percentile par nombre de réponses
Votre historique - résultats
Vous n’avez pas pris ce quiz depuis la dernière actualisation